Statistics for Formula One Circuit Names

Click here to take the quiz!

General Stats

  • This quiz has been taken 348 times
    (147 since last reset)
  • The average score is 20 of 23

Answer Stats

RoundGrand PrixCircuit Name% Correct
7Monaco GPCircuit de Monaco
97%
4Azerbaijan GPBaku City Circuit
96%
15Italian GPMonza Circuit
96%
13Belgian GPCircuit de Spa Francorchamps
95%
11British GPSilverstone Circuit
95%
6Emilia Romagna GPImola Circuit
91%
10Austrian GPRed Bull Ring
91%
17Japanese GPSuzuka International Racing Course
91%
8Spanish GPCircuit de Catalunya
90%
5Miami GPMiami International Autodrome
90%
14Dutch GPCircuit Zandvoort
89%
2Saudi Arabian GPJeddah Corniche Circuit
89%
12Hungarian GPHungaroring
87%
19United States GPCircuit of the Americas
86%
3Australian GPAlbert Park Circuit
83%
22Las Vegas GPLas Vegas Street Circuit
81%
21São Paulo GPInterlagos Circuit
80%
16Singapore GPMarina Bay Street Circuit
80%
23Abu Dhabi GPYas Marina Circuit
80%
1Bahrain GPSakhir International Circuit
77%
20Mexico City GPAutódromo Hermanos Rodríguez
76%
9Canadian GPCircuit Gilles Villeneuve
75%
18Qatar GPLusail International Circuit
49%

Score Distribution

Percentile by Number Answered

Percent of People with Each Score

Your Score History

You have not taken this quiz since the last reset